Особенности морфологии золота россыпи руч. Берендей (Оймяконский район, Республика Саха (Якутия); Проблемы геологии и освоения недр; Т. 1

التفاصيل البيبلوغرافية
Parent link:Проблемы геологии и освоения недр: труды XX Международного симпозиума имени академика М. А. Усова студентов и молодых ученых, посвященного 120-летию со дня основания Томского политехнического университета, Томск, 4-8 апреля 2016 г./ Национальный исследовательский Томский политехнический университет (ТПУ), Институт природных ресурсов (ИПР) ; Общество инженеров-нефтяников, международная некоммерческая организация, Студенческий чаптер ; под ред. А. Ю. Дмитриева.— , 2016
Т. 1.— 2016.— [С. 256-259]
المؤلف الرئيسي: Середа Н. С.
مؤلف مشترك: Национальный исследовательский Томский политехнический университет (ТПУ) Институт природных ресурсов (ИПР) Кафедра геоэкологии и геохимии (ГЭГХ)
مؤلفون آخرون: Домаренко В. А. Виктор Алексеевич (научный руководитель)
الملخص:Заглавие с экрана
اللغة:الروسية
منشور في: 2016
سلاسل:Месторождения полезных ископаемых. Методика поисков и разведки месторождений полезных ископаемых. Геоинформационные системы в геологии
الموضوعات:
الوصول للمادة أونلاين:http://earchive.tpu.ru/handle/11683/32047
التنسيق: MixedMaterials الكتروني فصل الكتاب
KOHA link:https://koha.lib.tpu.ru/cgi-bin/koha/opac-detail.pl?biblionumber=619430

MARC

LEADER 00000naa2a2200000 4500
001 619430
005 20231101133048.0
035 |a (RuTPU)RU\TPU\conf\17866 
035 |a RU\TPU\conf\17832 
090 |a 619430 
100 |a 20160822d2016 k y0rusy50 ca 
101 0 |a rus 
102 |a RU 
105 |a y z 100zy 
135 |a drcn ---uucaa 
181 0 |a i  
182 0 |a b 
200 1 |a Особенности морфологии золота россыпи руч. Берендей (Оймяконский район, Республика Саха (Якутия)  |f Н. С. Середа  |g науч. рук. В. А. Домаренко 
203 |a Текст  |c электронный 
225 1 |a Месторождения полезных ископаемых. Методика поисков и разведки месторождений полезных ископаемых. Геоинформационные системы в геологии 
230 |a 1 компьютерный файл (pdf; 436 Kb) 
300 |a Заглавие с экрана 
320 |a [Библиогр.: с. 258-259 (4 назв.)] 
461 1 |0 (RuTPU)RU\TPU\conf\17456  |t Проблемы геологии и освоения недр  |o труды XX Международного симпозиума имени академика М. А. Усова студентов и молодых ученых, посвященного 120-летию со дня основания Томского политехнического университета, Томск, 4-8 апреля 2016 г.  |o в 2 т.  |f Национальный исследовательский Томский политехнический университет (ТПУ), Институт природных ресурсов (ИПР) ; Общество инженеров-нефтяников, международная некоммерческая организация, Студенческий чаптер ; под ред. А. Ю. Дмитриева  |d 2016 
463 1 |0 (RuTPU)RU\TPU\conf\17457  |t Т. 1  |v [С. 256-259]  |d 2016 
610 1 |a труды учёных ТПУ 
610 1 |a электронный ресурс 
610 1 |a морфология 
610 1 |a золото 
610 1 |a золотоносные россыпи 
610 1 |a вещественный состав 
610 1 |a оруденение 
610 1 |a Республика Саха-Якутия 
700 1 |a Середа  |b Н. С. 
702 1 |a Домаренко  |b В. А.  |c геолог  |c доцент Томского политехнического университета, кандидат геолого-минералогических наук  |f 1947-  |g Виктор Алексеевич  |2 stltpush  |4 727 
712 0 2 |a Национальный исследовательский Томский политехнический университет (ТПУ)  |b Институт природных ресурсов (ИПР)  |b Кафедра геоэкологии и геохимии (ГЭГХ)  |h 259  |2 stltpush  |3 (RuTPU)RU\TPU\col\18658 
801 2 |a RU  |b 63413507  |c 20160930  |g RCR 
856 4 |u http://earchive.tpu.ru/handle/11683/32047 
942 |c BK